01604nam a22002537a 4500001000500000005001700005020001800022040003500040082001500075100002100090245016800111250010500279260003300384300004800417490003900465505000700504520044700511520018500958521002801143521002201171650009001193650003001283700003701313134020240627112822.0 a9789995054410 aFISKH bengcFISKH dFISKH  a398.209595 aSontipheap, Lim  aទេពអប្សរតូច / cនិពន្ធដោយ លឹម សន្តិភាព - គូររូបដោយ ញឹក សុផាលាភ  aបោះពុម្ពលើកទី ១០ ខែកញ្ញា ឆ្នាំ ២០២១  aPhnom Penh :bSipar,c2021.  a28 pages : bcolor illustrations ;c24 cm  aខ្ញុំចង់អាន  aP  aករុណាជាទេពអប្សរតូច ដែលបានជួយជិវិតមនុស្សលោក។ វាខុសនឹងច្បាប់ទេវតាដែលចែងថា​​​ «ទេវតា គ្មានសិទ្ធលូកដៃក្នុងរឿងមនុស្សលោក»។ ក្រោយមកនាងមិនត្រូវបានដាក់ទោសនោះទេ។  aKaruna is a little fairy who saves human life. It is against the law of angels, which states, "Angels have no right to interfere in human affairs." Later on, she was not convicted. a650 bLexile estimate  aP bRaz-Plus  aទេពអប្សរ vជួយសង្គ្រោះ xដាក់ទោស  aAngel vHelp xConvicted  aSophealeap, Nhoek cillustrator